[Event "Abe Yanofsky mem"]
[Site "Winnipeg CAN"]
[Date "2006.09.01"]
[Round "1"]
[White "Araullo, Manuel"]
[Black "Repa, Jason"]
[Result "1-0"]
[WhiteElo "1777"]
[BlackElo "1960"]
[PlyCount "126"]
[EventDate "2006.09.03"]
[EventType "swiss"]
[EventRounds "6"]
[EventCountry "CAN"]

1. d4 e6 2. Nf3 f5 3. Bg5 Be7 4. Bxe7 Qxe7 5. c3 Nf6 6. e3 O-O 7. Bd3 b6 8. O-O
Bb7 9. Nbd2 Ne4 10. Ne5 d6 11. Nef3 Nd7 12. Qc2 Nxd2 13. Nxd2 Qg5 14. e4 f4 15.
Nf3 Qg4 16. h3 Qh5 17. Be2 Qg6 18. Bd3 Qh5 19. Be2 Qg6 20. Bd3 e5 21. Nh4 Qg5
22. Nf3 Qh5 23. Be2 Qg6 24. Bd3 Rf6 25. Nh4 Qg5 26. Nf3 Qh5 27. Be2 Qg6 28. Bd3
Raf8 29. Qe2 Qh5 30. Bb5 Bc8 31. Ba6 g5 32. Bxc8 Rxc8 33. Rae1 Rcf8 34. Qc4+
R8f7 35. Qxc7 Kg7 36. Qd8 Rg6 37. Rd1 Kh6 38. dxe5 g4 39. Nh4 gxh3 40. Rxd6
Rxd6 41. exd6 Qg4 42. f3 Qg3 43. Qe8 hxg2 44. Nxg2 Rg7 45. Rf2 Nc5 46. Qb5 Rg5
47. Qc6 Nd3 48. d7+ Kg7 49. Qf6+ Kxf6 50. d8=Q+ Kg7 51. Qxd3 Rh5 52. Qd7+ Kh6
53. Qd6+ Kg7 54. Qxf4 Rh1+ 55. Kxh1 Qxf2 56. e5 Qxb2 57. Qf6+ Kg8 58. e6 Qb1+
59. Kh2 Qg6 60. Qxg6+ hxg6 61. Kg3 Kg7 62. Kg4 Kf6 63. Nf4 g5 1-0

[Event "Abe Yanofsky mem"]
[Site "Winnipeg CAN"]
[Date "2006.09.01"]
[Round "1"]
[White "Baragar, Fletcher"]
[Black "Lauritson, Jim"]
[Result "1-0"]
[WhiteElo "2255"]
[BlackElo "1867"]
[PlyCount "49"]
[EventDate "2006.09.03"]
[EventType "swiss"]
[EventRounds "6"]
[EventCountry "CAN"]

1. d4 Nf6 2. c4 e6 3. Nf3 Bb4+ 4. Bd2 a5 5. g3 b6 6. Bg2 Bb7 7. O-O O-O 8. Bg5
Be7 9. Nc3 d6 10. Qc2 Nbd7 11. Rad1 h6 12. Bc1 d5 13. Ne5 Bb4 14. cxd5 exd5 15.
Nb5 Rc8 16. Na7 Ra8 17. Nac6 Bxc6 18. Nxc6 Qc8 19. a3 Bd6 20. Bf4 Qb7 21. Bxd6
cxd6 22. Rc1 Rfe8 23. e3 Rac8 24. Ne7+ Kf8 25. Nxc8 1-0

[Event "Abe Yanofsky mem"]
[Site "Winnipeg CAN"]
[Date "2006.09.01"]
[Round "1"]
[White "Bince, Rolando"]
[Black "Vlaovic, George"]
[Result "0-1"]
[WhiteElo "1894"]
[BlackElo "2292"]
[PlyCount "42"]
[EventDate "2006.09.03"]
[EventType "swiss"]
[EventRounds "6"]
[EventCountry "CAN"]

1. e4 c5 2. Nf3 b6 3. d4 cxd4 4. Nxd4 Bb7 5. Bd3 a6 6. O-O g6 7. Nc3 Bg7 8. Be3
d6 9. f4 Nd7 10. Nf3 Ngf6 11. Bd4 O-O 12. Kh1 Qc7 13. Qe1 e5 14. fxe5 dxe5 15.
Bg1 b5 16. Rd1 Rfd8 17. h3 Nc5 18. Bxc5 Qxc5 19. Qf2 Qxf2 20. Rxf2 b4 21. Na4
Nxe4 0-1

[Event "Abe Yanofsky mem"]
[Site "Winnipeg CAN"]
[Date "2006.09.01"]
[Round "1"]
[White "Boron, Anthony"]
[Black "Adol, Deng"]
[Result "1-0"]
[WhiteElo "1966"]
[BlackElo "1785"]
[PlyCount "59"]
[EventDate "2006.09.03"]
[EventType "swiss"]
[EventRounds "6"]
[EventCountry "CAN"]

1. e4 e5 2. Nf3 Nc6 3. Bb5 Bd6 4. O-O h6 5. c3 a6 6. Ba4 f6 7. d4 Qe7 8. Nbd2
b5 9. Bc2 Bb7 10. d5 Nd8 11. a4 g5 12. c4 bxc4 13. Nxc4 Bc5 14. Be3 Bxe3 15.
Nxe3 d6 16. b4 Qf7 17. b5 a5 18. Nd2 h5 19. Ndc4 h4 20. Nf5 Ne7 21. Ncxd6+ cxd6
22. Nxd6+ Kf8 23. Nxf7 Nxf7 24. Rc1 Nd6 25. Bb1 Bc8 26. Rc6 Nxc6 27. dxc6 Ke7
28. Ba2 Nxe4 29. Qd5 f5 30. Qxe5+ 1-0

[Event "Abe Yanofsky mem"]
[Site "Winnipeg CAN"]
[Date "2006.09.01"]
[Round "1"]
[White "Clark, Robert"]
[Black "Gibbons, Lorne"]
[Result "1-0"]
[WhiteElo "1602"]
[BlackElo "1339"]
[PlyCount "68"]
[EventDate "2006.09.03"]
[EventType "swiss"]
[EventRounds "6"]
[EventCountry "CAN"]

1. d4 d5 2. c4 dxc4 3. e3 b5 4. a4 Bd7 5. axb5 Bxb5 6. b3 e6 7. bxc4 Bb4+ 8.
Bd2 Bxd2+ 9. Nxd2 Ba6 10. Ngf3 Qe7 11. Qa4+ c6 12. Ne5 Bb7 13. Ne4 f6 14. Nf3
Nh6 15. Nc5 O-O 16. Nxb7 Qxb7 17. Bd3 Rd8 18. Rb1 Qa6 19. Qc2 g6 20. Bxg6 f5
21. Bh5 Nd7 22. Nd2 Rdb8 23. O-O Rb6 24. Be2 Qc8 25. c5 Rb7 26. Rxb7 Qxb7 27.
Rb1 Qc8 28. Nc4 Nf7 29. Bh5 Nd8 30. Nd6 Qc7 31. e4 Nf6 32. Bf3 fxe4 33. Bxe4
Qa5 34. g3 Qa4 1-0

[Event "Abe Yanofsky mem"]
[Site "Winnipeg CAN"]
[Date "2006.09.01"]
[Round "1"]
[White "Cleto, Sam"]
[Black "Schulz, Waldemar"]
[Result "0-1"]
[WhiteElo "1802"]
[BlackElo "2064"]
[PlyCount "130"]
[EventDate "2006.09.03"]
[EventType "swiss"]
[EventRounds "6"]
[EventCountry "CAN"]

1. Nf3 Nf6 2. c4 e6 3. Nc3 d5 4. d4 c6 5. e3 Nbd7 6. Bd3 Bd6 7. O-O O-O 8. Re1
dxc4 9. Bxc4 c5 10. Nb5 Be7 11. e4 a6 12. Nc3 b5 13. Bf1 Bb7 14. e5 Nd5 15. Bd3
Nxc3 16. bxc3 Re8 17. Re3 Nf8 18. Bb2 Ng6 19. Be4 Rb8 20. Nd2 Bg5 21. Re1 Be7
22. Qg4 cxd4 23. cxd4 Bf8 24. Rad1 Qh4 25. Qf3 Bxe4 26. Rxe4 Qd8 27. Qh5 Rc8
28. Nf3 Be7 29. Bc1 Qd5 30. Rg4 Qxa2 31. Bg5 Qc2 32. Rf1 Qf5 33. Qh3 Rc3 34.
Be3 h5 35. Rg3 Qxh3 36. Rxh3 h4 37. Nd2 Rec8 38. Ne4 Ra3 39. g3 b4 40. Rb1 a5
41. gxh4 Nf4 42. Bxf4 Rxh3 43. Bg3 Bxh4 44. Kg2 Rxg3+ 45. hxg3 Be7 46. Ra1 Ra8
47. Ra4 Kf8 48. Kf1 Ke8 49. Ke2 Kd7 50. Kd3 Kc6 51. Kc4 Kb6 52. Kb3 Rc8 53. Ra1
Kb5 54. f4 Rc6 55. g4 Ra6 56. Rc1 a4+ 57. Ka2 Rc6 58. Nd6+ Bxd6 59. exd6 Rxd6
60. Rc5+ Ka6 61. Rc4 Rb6 62. Rc8 b3+ 63. Kb2 a3+ 64. Kb1 Kb7 65. Rf8 b2 0-1

[Event "Abe Yanofsky mem"]
[Site "Winnipeg CAN"]
[Date "2006.09.01"]
[Round "1"]
[White "Curtis, Rory"]
[Black "Green, Aaron"]
[Result "1-0"]
[WhiteElo "1637"]
[BlackElo "1350"]
[PlyCount "41"]
[EventDate "2006.09.03"]
[EventType "swiss"]
[EventRounds "6"]
[EventCountry "CAN"]

1. d4 Nf6 2. c4 g6 3. Nc3 Bg7 4. e4 d6 5. Nf3 O-O 6. Be2 Nbd7 7. O-O e5 8. Bg5
h6 9. Bh4 Qe8 10. d5 Nc5 11. Qc2 Nh7 12. b4 Nd7 13. Nb5 f5 14. Nxc7 Qf7 15.
Nxa8 f4 16. Nc7 g5 17. Ne6 Re8 18. c5 dxc5 19. bxc5 Ndf6 20. Nxe5 Qe7 21. d6
1-0

[Event "Abe Yanofsky mem"]
[Site "Winnipeg CAN"]
[Date "2006.09.01"]
[Round "1"]
[White "Geley, Shawn"]
[Black "Greenberg, Harley"]
[Result "0-1"]
[WhiteElo "1517"]
[BlackElo "1751"]
[PlyCount "55"]
[EventDate "2006.09.03"]
[EventType "swiss"]
[EventRounds "6"]
[EventCountry "CAN"]

1. e4 c5 2. c3 Nc6 3. Bc4 e6 4. d3 Nf6 5. Be3 d5 6. exd5 exd5 7. Bb5 d4 8. Bg5
Be7 9. Nf3 O-O 10. O-O Bg4 11. Bxc6 bxc6 12. c4 Rb8 13. b3 a5 14. Nbd2 a4 15.
Re1 Re8 16. Re2 h6 17. Bh4 axb3 18. axb3 Nh5 19. Bxe7 Rxe7 20. Rxe7 Qxe7 21.
Ne4 Nf4 22. Qd2 g5 23. Qd1 Bxf3 24. Qxf3 Rxb3 25. Qg4 Kg7 26. h4 f6 27. Qc8
gxh4 28. Ra8 0-1

[Event "Abe Yanofsky mem"]
[Site "Winnipeg CAN"]
[Date "2006.09.01"]
[Round "1"]
[White "Gentes, Kevin"]
[Black "Kaptsan, Aron"]
[Result "0-1"]
[WhiteElo "2295"]
[BlackElo "1947"]
[PlyCount "118"]
[EventDate "2006.09.03"]
[EventType "swiss"]
[EventRounds "6"]
[EventCountry "CAN"]

1. Nf3 Nf6 2. g3 b6 3. Bg2 Bb7 4. O-O c5 5. d3 d6 6. e4 Nbd7 7. Nbd2 g6 8. Re1
Bg7 9. c3 O-O 10. a3 Qc7 11. b3 Rac8 12. Bb2 Ng4 13. Re2 Rfd8 14. Rc1 Ba6 15.
Ne1 Nge5 16. Nf1 Qb8 17. Rec2 Nf8 18. f4 Ned7 19. Ne3 e6 20. Rf2 Bb7 21. Qd2
Nf6 22. c4 d5 23. e5 Ne8 24. cxd5 exd5 25. d4 cxd4 26. Bxd4 Ne6 27. Nf3 Nc5 28.
Bxc5 bxc5 29. b4 Bf8 30. Nc2 d4 31. Ng5 Bxg2 32. Kxg2 cxb4 33. Nxb4 Rxc1 34.
Qxc1 Bxb4 35. axb4 Qxb4 36. f5 d3 37. fxg6 hxg6 38. Qd2 Qxd2 39. Rxd2 Rd5 40.
Nf3 Nc7 41. Ra2 a5 42. Kf2 Na6 43. Ke3 Nb4 44. Ra4 Nc6 45. Rc4 Nxe5 46. Nxe5
Rxe5+ 47. Kxd3 Kg7 48. Ra4 Kf6 49. h3 Ke6 50. g4 g5 51. Kd4 Kd6 52. Ra1 Rb5 53.
Rf1 Rb4+ 54. Kc3 Rf4 55. Ra1 a4 56. Kd3 Kc5 57. Ke3 Kb4 58. h4 Rxg4 59. hxg5
Rxg5 0-1

[Event "Abe Yanofsky mem"]
[Site "Winnipeg CAN"]
[Date "2006.09.01"]
[Round "1"]
[White "Green, Jim"]
[Black "Wiebe, Daniel"]
[Result "1-0"]
[WhiteElo "1683"]
[BlackElo "1392"]
[PlyCount "115"]
[EventDate "2006.09.03"]
[EventType "swiss"]
[EventRounds "6"]
[EventCountry "CAN"]

1. e4 e5 2. Nf3 Nc6 3. Bb5 a6 4. Bxc6 dxc6 5. O-O Bg4 6. h3 h5 7. d3 Bd6 8. Be3
Qf6 9. Nbd2 Bxf3 10. Nxf3 Ne7 11. c3 O-O-O 12. Qb3 Rdg8 13. Bg5 Qg6 14. Bxe7
Bxe7 15. Nxe5 Qf6 16. d4 h4 17. Qxf7 Qxf7 18. Nxf7 Rh5 19. Ne5 c5 20. Ng4 cxd4
21. cxd4 Rb5 22. b3 Rb4 23. Rad1 Rd8 24. d5 Rxe4 25. Rfe1 Rxe1+ 26. Rxe1 Bb4
27. Rd1 c6 28. Ne3 Bc5 29. dxc6 Rxd1+ 30. Nxd1 bxc6 31. Kf1 Kb7 32. Ke2 Kb6 33.
Ne3 Be7 34. g3 hxg3 35. fxg3 Kb5 36. Nc2 c5 37. Kd3 a5 38. a4+ Kb6 39. Ne3 Kc6
40. Nc4 Bd8 41. Ke4 Bc7 42. g4 Bd8 43. Ke5 g5 44. Ke6 Bc7 45. Ke7 Kb7 46. Kd7
Bb6 47. Nxb6 Kxb6 48. Kd6 Kb7 49. Kxc5 Ka6 50. Kc6 Ka7 51. Kb5 Kb7 52. Kxa5 Ka7
53. b4 Kb7 54. Kb5 Kb8 55. Kb6 Ka8 56. Kc6 Kb8 57. b5 Kc8 58. b6 1-0

[Event "Abe Yanofsky mem"]
[Site "Winnipeg CAN"]
[Date "2006.09.01"]
[Round "1"]
[White "Khedkar, Jay"]
[Black "Lipnowski, Samuel"]
[Result "0-1"]
[WhiteElo "1822"]
[BlackElo "2190"]
[PlyCount "66"]
[EventDate "2006.09.03"]
[EventType "swiss"]
[EventRounds "6"]
[EventCountry "CAN"]

1. e4 c5 2. Nf3 e6 3. d4 cxd4 4. Nxd4 a6 5. Bd3 Nf6 6. O-O Qc7 7. Nc3 Bc5 8.
Nb3 Be7 9. Bg5 O-O 10. f4 d6 11. Qf3 Nbd7 12. Rae1 h6 13. Bh4 e5 14. Bxf6 Nxf6
15. Nd5 Nxd5 16. exd5 f5 17. fxe5 dxe5 18. Qg3 Bd6 19. Qh4 e4 20. Be2 Qxc2 21.
Bd1 Qxb2 22. g4 Qe5 23. Bc2 Bd7 24. gxf5 Bxf5 25. Bxe4 Bxe4 26. Rxf8+ Rxf8 27.
Rxe4 Qxd5 28. Rd4 Qf3 29. Qe1 Rf5 30. Qe6+ Kh7 31. Qxf5+ Qxf5 32. Rxd6 Qg4+ 33.
Kh1 Qf4 0-1

[Event "Abe Yanofsky mem"]
[Site "Winnipeg CAN"]
[Date "2006.09.01"]
[Round "1"]
[White "Klokow, John"]
[Black "Anderson, George"]
[Result "1-0"]
[WhiteElo "1741"]
[BlackElo "1471"]
[PlyCount "103"]
[EventDate "2006.09.03"]
[EventType "swiss"]
[EventRounds "6"]
[EventCountry "CAN"]

1. e4 e6 2. Qe2 Nc6 3. c3 b6 4. g3 a5 5. Nf3 Ba6 6. d3 b5 7. Bg2 e5 8. O-O Qb8
9. Be3 Nf6 10. Nbd2 h6 11. Rfd1 d6 12. Nh4 Ne7 13. f4 exf4 14. gxf4 c6 15. Nf5
Bc8 16. Nxd6+ Qxd6 17. e5 Bg4 18. exd6 Bxe2 19. dxe7 Kxe7 20. Re1 Bxd3 21. Bxc6
Rc8 22. Bb7 Re8 23. Nf3 Be4 24. Bb6 Kd7 25. Rad1+ Bd6 26. Ne5+ Ke6 27. Bxe4 a4
28. Rxd6+ Kxd6 29. Nxf7+ Kd7 30. Nxh8 Rxe4 31. Rxe4 Nxe4 32. Be3 Ke6 33. Ng6
Nd6 34. Kf2 Nc4 35. b3 Nd6 36. bxa4 Ne4+ 37. Kf3 Nxc3 38. axb5 Nxb5 39. a4 Nc7
40. Ke4 Kf6 41. Ne5 Ke6 42. Nd3 g6 43. a5 Kd6 44. Nc5 Kc6 45. Ke5 Nd5 46. Bf2
g5 47. f5 Ne7 48. Ke6 Nd5 49. f6 Nf4+ 50. Ke7 Nd5+ 51. Kf7 Kd6 52. Kg7 1-0

[Event "Abe Yanofsky mem"]
[Site "Winnipeg CAN"]
[Date "2006.09.01"]
[Round "1"]
[White "Kwiatek, Jordan"]
[Black "Zaczek, Jonathan"]
[Result "1/2-1/2"]
[WhiteElo "1811"]
[BlackElo "2077"]
[PlyCount "37"]
[EventDate "2006.09.03"]
[EventType "swiss"]
[EventRounds "6"]
[EventCountry "CAN"]

1. e4 c5 2. Nf3 d6 3. Bb5+ Bd7 4. Bxd7+ Qxd7 5. O-O Nc6 6. Qe2 Nf6 7. Rd1 e6 8.
d4 cxd4 9. Nxd4 Be7 10. c4 Nxd4 11. Rxd4 Qc6 12. Nc3 O-O 13. b3 Nd7 14. Rd3
Rfe8 15. Bb2 Rad8 16. Rh3 Bf6 17. Qh5 Nf8 18. Re1 g6 19. Qe2 1/2-1/2

[Event "Abe Yanofsky mem"]
[Site "Winnipeg CAN"]
[Date "2006.09.01"]
[Round "1"]
[White "Nguyen, Huy"]
[Black "Gannon, Keith"]
[Result "0-1"]
[WhiteElo "1759"]
[BlackElo "1526"]
[PlyCount "66"]
[EventDate "2006.09.03"]
[EventType "swiss"]
[EventRounds "6"]
[EventCountry "CAN"]

1. Nf3 d5 2. e3 c5 3. d4 e6 4. c3 Nf6 5. dxc5 Bxc5 6. b4 Bd6 7. Be2 a6 8. Bb2
O-O 9. O-O Nc6 10. a4 Ne5 11. Nbd2 Nxf3+ 12. Bxf3 e5 13. e4 Nxe4 14. Nxe4 dxe4
15. Bxe4 g6 16. Rc1 Rb8 17. Qd3 Bc7 18. Qc2 b5 19. Rcd1 Qf6 20. c4 bxc4 21.
Qxc4 Bd6 22. b5 axb5 23. axb5 Rd8 24. f4 Be6 25. Bd5 Rbc8 26. Qb3 Bc5+ 27. Kh1
Bxd5 28. Rxd5 Bd4 29. Bxd4 exd4 30. Re5 d3 31. Qb4 d2 32. Rd1 Rc1 33. Qb3 Qxf4
0-1

[Event "Abe Yanofsky mem"]
[Site "Winnipeg CAN"]
[Date "2006.09.01"]
[Round "1"]
[White "Nikouline, Alexandre"]
[Black "Clark, Jeff"]
[Result "1-0"]
[WhiteElo "2021"]
[BlackElo "1790"]
[PlyCount "59"]
[EventDate "2006.09.03"]
[EventType "swiss"]
[EventRounds "6"]
[EventCountry "CAN"]

1. e4 c6 2. d4 d5 3. e5 Bf5 4. Nf3 e6 5. Bd3 Bxd3 6. Qxd3 Nd7 7. O-O Be7 8. Be3
g5 9. h3 h5 10. Nh2 Nh6 11. Nd2 Qc7 12. c4 O-O-O 13. cxd5 exd5 14. f4 g4 15. f5
gxh3 16. Bf4 hxg2 17. Rf2 Ng4 18. Rxg2 Rdg8 19. f6 Bxf6 20. Nxg4 hxg4 21. Bg3
Bh4 22. e6 Bxg3 23. exd7+ Qxd7 24. Qxg3 f5 25. Re1 Rg7 26. Rge2 Rgh7 27. Nf1 f4
28. Qxf4 Rh1+ 29. Kg2 Qh7 30. Qxg4+ 1-0

[Event "Abe Yanofsky mem"]
[Site "Winnipeg CAN"]
[Date "2006.09.01"]
[Round "1"]
[White "Perron, Sean"]
[Black "Oberton, Daniel"]
[Result "1-0"]
[WhiteElo "2166"]
[BlackElo "1816"]
[PlyCount "107"]
[EventDate "2006.09.03"]
[EventType "swiss"]
[EventRounds "6"]
[EventCountry "CAN"]

1. d4 Nf6 2. c4 g6 3. Nc3 Bg7 4. e4 d6 5. f3 O-O 6. Bg5 h6 7. Be3 Nbd7 8. Qd2
Kh7 9. O-O-O e5 10. d5 Qe7 11. Nge2 a5 12. g4 Nc5 13. Ng3 Rd8 14. g5 Ng8 15.
gxh6 Bxh6 16. h4 Bxe3 17. Qxe3 Nh6 18. Be2 f6 19. Rdf1 Bd7 20. Rfg1 Rg8 21. Kc2
c6 22. Rd1 Rad8 23. Qd2 Qf7 24. b3 cxd5 25. Nxd5 a4 26. b4 Ne6 27. a3 Nd4+ 28.
Kb2 Be6 29. Qd3 Bxd5 30. cxd5 Rc8 31. Rc1 Qd7 32. Bd1 Rxc1 33. Kxc1 Rc8+ 34.
Kb2 b5 35. Ne2 Nxe2 36. Bxe2 Qc7 37. Qd2 Qb6 38. h5 g5 39. Rc1 Rxc1 40. Qxc1
Qd4+ 41. Qc3 Qf2 42. Qc7+ Kg8 43. Qb8+ Kg7 44. Qxb5 Qe1 45. Qd3 Nf7 46. Bd1
Qf2+ 47. Kb1 Kh6 48. Bxa4 Kxh5 49. Be8 Kg6 50. b5 Qc5 51. Kb2 Kg7 52. Qc3 Qf2+
53. Kb3 Qf1 54. Kb4 1-0

[Event "Abe Yanofsky mem"]
[Site "Winnipeg CAN"]
[Date "2006.09.01"]
[Round "1"]
[White "Pierre, Rolland"]
[Black "Towns, Barry"]
[Result "1/2-1/2"]
[WhiteElo "1566"]
[BlackElo "1766"]
[PlyCount "97"]
[EventDate "2006.09.03"]
[EventType "swiss"]
[EventRounds "6"]
[EventCountry "CAN"]

1. e4 e5 2. Nf3 Nc6 3. Bb5 Nd4 4. Nxd4 exd4 5. d3 Be7 6. Nd2 a5 7. a4 Nf6 8.
Nf3 O-O 9. Nxd4 Bc5 10. Nf3 d6 11. h3 c6 12. Bc4 d5 13. d4 Ba7 14. exd5 Re8+
15. Be3 b5 16. axb5 cxb5 17. Bd3 Nxd5 18. O-O Bb7 19. Qd2 Nxe3 20. fxe3 Bxf3
21. Rxf3 Qg5 22. c3 Re6 23. Qf2 Rae8 24. Re1 b4 25. Bc4 Rf6 26. Bxf7+ Kxf7 27.
c4 Bxd4 28. b3 Rxe3 29. Rxf6+ gxf6 30. Kf1 Rxe1+ 31. Qxe1 Qf4+ 32. Ke2 Bc3 33.
Qd1 Bd4 34. Qd3 Qf2+ 35. Kd1 Qg1+ 36. Ke2 Qxg2+ 37. Kd1 Ke8 38. Qxd4 Qf1+ 39.
Kc2 Qe2+ 40. Kb1 Qe1+ 41. Kc2 Qe2+ 42. Kb1 Qf1+ 43. Kc2 Qe1 44. Qxf6 Qe4+ 45.
Kc1 Qe3+ 46. Kc2 Qxh3 47. Qc6+ Qd7 48. Qa8+ Qd8 49. Qc6+ 1/2-1/2

[Event "Abe Yanofsky mem"]
[Site "Winnipeg CAN"]
[Date "2006.09.01"]
[Round "1"]
[White "Poustie, Harold"]
[Black "Pottinger, Carl"]
[Result "0-1"]
[WhiteElo "1430"]
[BlackElo "1721"]
[PlyCount "144"]
[EventDate "2006.09.03"]
[EventType "swiss"]
[EventRounds "6"]
[EventCountry "CAN"]

1. e4 c5 2. Nf3 d6 3. Bc4 e6 4. Nc3 Nf6 5. d3 Nc6 6. Bb5 Bd7 7. Bg5 Be7 8. O-O
O-O 9. Re1 a6 10. Ba4 b5 11. Bb3 b4 12. Ne2 a5 13. c3 bxc3 14. bxc3 h6 15. Be3
Ng4 16. Bf4 e5 17. Bd2 Kh7 18. h3 Nf6 19. Ng3 Ne8 20. Nf5 Nc7 21. Nh2 Ne6 22.
Qh5 Bg5 23. Nxh6 gxh6 24. Bxg5 Qxg5 25. Qxg5 Nxg5 26. Re3 a4 27. Bc2 Rab8 28.
Rb1 a3 29. h4 Rxb1+ 30. Bxb1 Ne6 31. Ng4 Bc8 32. Nf6+ Kg6 33. Nd5 Kg7 34. Rg3+
Kh8 35. Nf6 Nf4 36. Kf1 Nb8 37. Bc2 Nd7 38. Nd5 Nxd5 39. exd5 Nf6 40. Rf3 Nxd5
41. c4 Nb4 42. Bb1 f5 43. d4 cxd4 44. Rxa3 Kg7 45. Rb3 Nc6 46. Rg3+ Kf7 47. h5
Rg8 48. Rb3 Ke6 49. a3 Ba6 50. Kg1 Bxc4 51. Rb6 Bd5 52. f3 Bxf3 53. Ba2+ Bd5
54. Bxd5+ Kxd5 55. Rb5+ Ke4 56. Kf2 Ra8 57. Rb6 Kd5 58. Rb5+ Ke6 59. Rb3 Na5
60. Rg3 Rh8 61. Rg6+ Kd5 62. Rg3 e4 63. Ke2 d3+ 64. Kd2 Nc4+ 65. Kd1 Nxa3 66.
Kd2 Kd4 67. Rg6 d5 68. Ra6 e3+ 69. Kd1 e2+ 70. Ke1 Nc2+ 71. Kf2 e1=Q+ 72. Kf3
Qe3# 0-1

[Event "Abe Yanofsky mem"]
[Site "Winnipeg CAN"]
[Date "2006.09.01"]
[Round "1"]
[White "Sigurdson, Matthew"]
[Black "Knight, Eugene"]
[Result "1-0"]
[WhiteElo "1244"]
[BlackElo "1599"]
[PlyCount "44"]
[EventDate "2006.09.03"]
[EventType "swiss"]
[EventRounds "6"]
[EventCountry "CAN"]

1. e4 c5 2. c3 e6 3. d4 d5 4. e5 Nc6 5. Bb5 Bd7 6. Ne2 a6 7. Bxc6 bxc6 8. b3
cxd4 9. cxd4 h5 10. O-O c5 11. h3 Qc7 12. Bb2 Ne7 13. Na3 Nc6 14. Rc1 Qb6 15.
Qd2 Rc8 16. Kh2 cxd4 17. Nc2 Nxe5 18. Bxd4 Qb8 19. Kg1 Nc6 20. Bb2 Nb4 21. Nxb4
Bxb4 22. Qg5 Rxc1 1-0

[Event "Abe Yanofsky mem"]
[Site "Winnipeg CAN"]
[Date "2006.09.01"]
[Round "1"]
[White "Silva, T Romeo"]
[Black "Wood, Nathan"]
[Result "1-0"]
[WhiteElo "1772"]
[BlackElo "1579"]
[PlyCount "65"]
[EventDate "2006.09.03"]
[EventType "swiss"]
[EventRounds "6"]
[EventCountry "CAN"]

1. d4 Nf6 2. c4 e6 3. a3 b6 4. Bg5 Bb7 5. Nc3 Be7 6. e3 h6 7. Bh4 d6 8. Nf3
Nbd7 9. Bd3 e5 10. d5 O-O 11. Bg3 a5 12. Rc1 Nh5 13. Bf5 Ndf6 14. O-O Nxg3 15.
hxg3 Bc8 16. Qc2 Ng4 17. Nh2 Nxh2 18. Kxh2 Bxf5 19. Qxf5 g6 20. Qh3 h5 21. f4
f5 22. e4 exf4 23. exf5 fxg3+ 24. Qxg3 Bg5 25. Rce1 gxf5 26. Qh3 Qf6 27. Re6
Qf7 28. Ne4 Qd7 29. Rxf5 Bf4+ 30. Kh1 Rxf5 31. Qxf5 Rf8 32. Nf6+ Kh8 33. Qxf4
1-0

[Event "Abe Yanofsky mem"]
[Site "Winnipeg CAN"]
[Date "2006.09.01"]
[Round "1"]
[White "Tuason, Alfred"]
[Black "Rumpel, Chris"]
[Result "0-1"]
[WhiteElo "1370"]
[BlackElo "1657"]
[PlyCount "75"]
[EventDate "2006.09.03"]
[EventType "swiss"]
[EventRounds "6"]
[EventCountry "CAN"]

1. b3 e5 2. c4 Nf6 3. Bb2 Nc6 4. Nc3 Bc5 5. e3 O-O 6. Nf3 Re8 7. Be2 d5 8. O-O
d4 9. Nd5 Nxd5 10. cxd5 Qxd5 11. Bc4 Qd6 12. Ng5 Nd8 13. Qh5 Qg6 14. Qxg6 hxg6
15. exd4 Bxd4 16. Bxd4 exd4 17. d3 Ne6 18. Nxe6 Bxe6 19. Bxe6 Rxe6 20. Rfe1
Rae8 21. Kf1 c5 22. f3 f5 23. Rxe6 Rxe6 24. Re1 Kf7 25. f4 Kf6 26. Kf2 Rxe1 27.
Kxe1 g5 28. g3 gxf4 29. gxf4 g5 30. fxg5+ Kxg5 31. Kf2 b5 32. Kf3 a5 33. h4+
Kxh4 34. Kf4 a4 35. Kxf5 Kg3 36. Ke4 Kf2 37. bxa4 bxa4 38. a3 0-1

[Event "Abe Yanofsky mem"]
[Site "Winnipeg CAN"]
[Date "2006.09.01"]
[Round "1"]
[White "Vincent, Trevor"]
[Black "Rutter, Blair"]
[Result "1-0"]
[WhiteElo "2070"]
[BlackElo "1803"]
[PlyCount "61"]
[EventDate "2006.09.03"]
[EventType "swiss"]
[EventRounds "6"]
[EventCountry "CAN"]

1. c4 d6 2. g3 e5 3. Bg2 Nc6 4. Nc3 f5 5. d3 Nf6 6. e4 Be7 7. Nge2 Rb8 8. O-O
O-O 9. h3 a6 10. Be3 fxe4 11. dxe4 b5 12. cxb5 axb5 13. Nd5 Na5 14. f4 Nc4 15.
Bc1 c6 16. Nxe7+ Qxe7 17. b3 Qa7+ 18. Kh2 Ne3 19. Bxe3 Qxe3 20. Rf3 Qxe4 21.
Rd3 Qf5 22. Rxd6 Nd5 23. Qd2 exf4 24. Nxf4 Nxf4 25. Rf1 Bb7 26. Rxf4 Qe5 27.
Rg4 Rbc8 28. Rg5 Qe8 29. Qd4 g6 30. Re5 Qf7 31. Rd7 1-0

[Event "Abe Yanofsky mem"]
[Site "Winnipeg CAN"]
[Date "2006.09.01"]
[Round "1"]
[White "Wasserman, Leor"]
[Black "Booth, Kevin"]
[Result "1/2-1/2"]
[WhiteElo "1348"]
[BlackElo "1606"]
[PlyCount "56"]
[EventDate "2006.09.03"]
[EventType "swiss"]
[EventRounds "6"]
[EventCountry "CAN"]

1. e4 e5 2. Nf3 Nc6 3. Bc4 d6 4. d3 Na5 5. Bb3 Nxb3 6. cxb3 Bg4 7. O-O Nf6 8.
Nc3 d5 9. Bg5 dxe4 10. Nxe4 Be7 11. Be3 a6 12. h3 Bxf3 13. Qxf3 Nd5 14. Nd2
Nxe3 15. fxe3 O-O 16. Qxb7 Bc5 17. Rfe1 a5 18. Qb5 Bb6 19. Qxe5 Re8 20. Qg3 Re6
21. Nc4 Rg6 22. Qf3 Rf6 23. Qe2 Rg6 24. Nxb6 cxb6 25. Rf1 Rc8 26. Rf2 Qh4 27.
Kh2 Qg3+ 28. Kh1 Qe5 1/2-1/2

[Event "Abe Yanofsky mem"]
[Site "Winnipeg CAN"]
[Date "2006.09.01"]
[Round "1"]
[White "Zhou, Lu"]
[Black "Melamedoff, Gustavo"]
[Result "1-0"]
[WhiteElo "1786"]
[BlackElo "1975"]
[PlyCount "69"]
[EventDate "2006.09.03"]
[EventType "swiss"]
[EventRounds "6"]
[EventCountry "CAN"]

1. d4 d5 2. c4 e6 3. Nc3 f5 4. Nf3 Nf6 5. Bg5 Be7 6. e3 O-O 7. Bd3 c6 8. O-O
Ne4 9. Bxe7 Qxe7 10. Ne5 Nd7 11. f3 Nxc3 12. bxc3 Nxe5 13. dxe5 Qc5 14. Qe2
dxc4 15. Bxc4 Qxe5 16. Qd3 b5 17. Bb3 a5 18. f4 Qc5 19. Rf3 a4 20. Bc2 Ba6 21.
Qd7 Qxc3 22. Qxe6+ Kh8 23. Rc1 b4 24. Rh3 Rf6 25. Qd7 b3 26. Rxh7+ Kxh7 27.
Bxf5+ Rxf5 28. Qxf5+ g6 29. Qh3+ Kg7 30. Qd7+ Kh6 31. Rxc3 b2 32. Qd1 Be2 33.
Qb1 a3 34. Rxa3 Rxa3 35. Qxb2 1-0

[Event "Abe Yanofsky mem"]
[Site "Winnipeg CAN"]
[Date "2006.09.02"]
[Round "2"]
[White "Adol, Deng"]
[Black "Sigurdson, Matthew"]
[Result "1-0"]
[WhiteElo "1785"]
[BlackElo "1244"]
[PlyCount "81"]
[EventDate "2006.09.03"]
[EventType "swiss"]
[EventRounds "6"]
[EventCountry "CAN"]

1. e4 e6 2. d3 d5 3. exd5 exd5 4. Be2 Nf6 5. Nf3 g6 6. O-O Bg7 7. Bg5 Nbd7 8.
Nc3 c6 9. Nd2 Qc7 10. Nb3 b6 11. d4 Bb7 12. Bf3 O-O 13. Qd2 Rfe8 14. Rae1 Rac8
15. Bf4 Qd8 16. Rxe8+ Qxe8 17. Re1 Qf8 18. a3 Re8 19. Re3 Rxe3 20. fxe3 Qe7 21.
Nc1 h6 22. h4 Nh7 23. Qf2 Ndf6 24. Nd3 Nd7 25. Nd1 Qe6 26. Qg3 c5 27. c3 f5 28.
Ne5 Nxe5 29. Bxe5 Bxe5 30. Qxe5 Qxe5 31. dxe5 Kf7 32. c4 Ke6 33. Nc3 d4 34.
exd4 cxd4 35. Nb5 Bxf3 36. gxf3 Kxe5 37. Nxa7 Nf6 38. Kf2 Kf4 39. Nc8 Nd7 40.
Ne7 g5 41. Ng6# 1-0

[Event "Abe Yanofsky mem"]
[Site "Winnipeg CAN"]
[Date "2006.09.02"]
[Round "2"]
[White "Anderson, George"]
[Black "Tuason, Alfred"]
[Result "1/2-1/2"]
[WhiteElo "1471"]
[BlackElo "1370"]
[PlyCount "71"]
[EventDate "2006.09.03"]
[EventType "swiss"]
[EventRounds "6"]
[EventCountry "CAN"]

1. e4 e6 2. d4 d5 3. e5 a6 4. Nc3 c5 5. Nf3 Nc6 6. Be3 Bd7 7. dxc5 Nge7 8. Bd3
Ng6 9. Bxg6 fxg6 10. a3 Be7 11. b4 O-O 12. O-O Qc7 13. Bd4 Rf7 14. Qd3 Raf8 15.
Rae1 Na7 16. a4 Nc6 17. b5 Nxd4 18. Nxd4 Bxc5 19. Re3 Rf4 20. Nde2 Bxe3 21.
Qxe3 R4f5 22. f4 Qc4 23. Nd4 R5f7 24. g3 Rc8 25. Rf3 g5 26. f5 Rxf5 27. Nxf5
exf5 28. Qxg5 Qd4+ 29. Kg2 h6 30. Qe7 Rxc3 31. Rxc3 Qxc3 32. Qxd7 Qxe5 33. Qxb7
axb5 34. a5 Qe4+ 35. Kh3 Qg4+ 36. Kg2 1/2-1/2